Normale Ansicht MARC-Ansicht ISBD

Povsednevnaja žizn' Moskvy v stalinskuju epochu : (Titelsatznr. 41237)

[ MARC ]
MARC-Details
000 -Satzkennung
Kontrollfeld mit fester Länge 00667nam a22002291c 4500
001 - Kontrollnummer
Kontrollfeld 371826497
008 - Feld mit fester Länge zur physischen Beschreibung - Allgemeine Angaben
Kontrollfeld mit fester Länge 170503s2003 gw a||| 000u ger d
020 ## - Internationale Standardbuchnummer
Internationale Standardbuchnummer 523502527x
Verknüpfung 5-235-02527-x
041 ## - Sprachcode
Sprachcode des Textes/der Tonspur oder des separaten Titels ger
040 ## - Katalogisierungsquelle
Übertragungsstelle RU-10907106
003 - Kontrollnummer Identifier
Kontrollfeld RU-10907106
100 1# - Haupteintragung - Personenname
Personenname Andreevskij, Georgij Vasil'evič
245 00 - Titel
Titel Povsednevnaja žizn' Moskvy v stalinskuju epochu :
Zusatz zum Titel 1920 - 1930-e gody /
Verfasserangabe etc. G. V. Andreevskij
264 ## - Produktion, Veröffentlichung, Distribution, Herstellung und Urheberrechtsvermerk
Herstellungs-, Veröffentlichungs- Vertriebs-, Erzeugungsort Moskva :
Produzent, Herausgeber, Distributor, Hersteller Molodaja Gvardija,
Datum der Herstellung, der Veröffentlichung, des Vertriebs oder des Urheberschutzvermerks 2003
300 ## - Physische Beschreibung
Umfang 573 S : Ill
490 #0 - Gesamttitelangabe
Gesamttitelangabe Živaja istorija : Povsednevnaja žizn' čelovečestva
650 #0 - Nebeneintragung unter einem Schlagwort - Sachschlagwort
Sachschlagwort oder geografischer Name als Eintragungselement Alltag
650 #0 - Nebeneintragung unter einem Schlagwort - Sachschlagwort
Sachschlagwort oder geografischer Name als Eintragungselement Kultur
650 #0 - Nebeneintragung unter einem Schlagwort - Sachschlagwort
Sachschlagwort oder geografischer Name als Eintragungselement Stalinismus
651 #0 - Nebeneintragung unter einem Schlagwort - Geografischer Name
Geografischer Name Moskau
942 ## - Zusätzliche Felder (Koha)
Koha-Medientyp Monographien
Exemplare
Ausgeschieden Verloren Klassifikation oder Aufstellungssystematik Beschädigt Nicht entleihbar Heimatbibliothek Aufenthaltsbibliothek Aufstellungsort Erwerbungsdatum Inventarnummer Signatur Barcode Letzte Aktivität Preis gültig von Koha-Medientyp
    Andere/Generische Klassifikation     MWN Osteuropa MWN Osteuropa Magazin - 2 03/05/2017 17-02106 R 62 n Moskau 4 E00401509E3371EC 23/02/2021 22/03/2021 Monographien